000 00759nam a2200217 i 4500
001 164903
003 ES-MaACL
005 20250816062551.0
008 001129s1862 fr |||| | ger d
100 1 _aSchiller, Friedrich,
_d1759-1805
_9104361
245 1 0 _aEsthétique /
_cde Schiller ; traduction nouvelle par Ad. Regnier.
260 _aParis :
_bLibrairie de L. Hachette,
_c1862 (
_fImp. de Ch. Lahure et Cie)
300 _a525 p. ;
_c24 cm.
490 1 _aOeuvres de Schiller ;
_v8
650 7 _aEstética
_2embne
_9142387
700 1 _aRegnier, Adolphe.
_9168568
830 0 _aOeuvres de Schiller ;
_v8
_9188505
852 _aES-MaACL
_jB-1236
_z- Enc. hol.
852 _aES-MaACL
_jD-4511
_z- Enc. hol.
999 _c164903
_d164903